Кръстопътища (Запис номер 150957)
[ съкратено ]
| 000 -Лидер | |
|---|---|
| Контролно поле с фиксирана дължина | 01689nam a2200337 c 4500 |
| 003 - Код на организацията, давaща контролен номер | |
| Контролно поле | BLK |
| 005 - Дата и час на последна редакция | |
| Контролно поле | 20180422113039.0 |
| 008 - Елементи от данни с фиксирана дължина | |
| fixed length control field | 180410b bul|||||r ||||||| ||bul|| |
| 010 ## - Наследен системен номер | |
| LC control number | KNG00157312000 |
| 040 ## - Източник на каталожния запис | |
| Идентификатор на билиотеката - собственик на записа | BLK |
| 041 ## - Код за език | |
| Код за езика на текст/звукозапис или на отделно заглавие | Български |
| Код за езика КДБФ | Български |
| 080 ## - УДК | |
| Текстов определител УДК | Театър. Сценично изкуство. Вж 725.82; 782; 82-2 |
| УДК код - определител по УДК | 792 |
| УДК определител | (497.2) |
| УДК - код + определител | 792(497.2) |
| 100 1# - Редна дума - Автор | |
| Автор | Дановски, Боян Иванов |
| Авторска отговорност | първи автор |
| R(LIN) | 373187 |
| 139 ## - Редно поле | |
| Редна дума | Дановски, Боян Иванов |
| Авторски знак | Дано - Д 19 |
| 245 10 - Сведения за заглавието | |
| Заглавие | Кръстопътища |
| Подзаглавни данни | Спомени, статии, есета, режисьорски разраб. |
| Редно поле (дума) | Боян Иванов Дановски; състав. Владимир Боянов Дановски; науч. ред. и творчески портр. Невяна Тодорова Инджева. |
| 257 ## - Страна на издаване | |
| Страна на създаване/издаване | България |
| 260 ## - Област на издателските данни | |
| -- | София |
| Име на издателя, разпространителя и проч. | Наука и изкуство |
| Година на издаване | 1988 |
| Печатница | Враца : В. Александров |
| 300 ## - Физическа характеристика | |
| Страници | 416 с., 16 л. |
| Илюстрации и др. | ил., факс., портр. |
| Размери/Мащаб | 22 см |
| 380 ## - Жанр | |
| Жанр | Изкуство |
| 500 ## - Общи забележки | |
| Забележка | 2 157 тир. - Библиогр. с. 408-414. - Именен показалец. |
| 650 #4 - Допълнително описание по предмет – тема | |
| Основно описание – тема или топоним | Театър, български |
| 9 (RLIN) | 246299 |
| 651 #4 - Допълнително описание по предмет - топоним | |
| Географско понятие | България |
| 9 (RLIN) | 241624 |
| 653 ## - Ключова дума – ненормативна | |
| Ключова дума | български театър |
| 700 1# - Други автори (авторска отговорност) | |
| Лично име | Дановски, Владимир Боянов |
| Автороска отговорност (Описва отношението между автора и произведението) | състав. |
| 9 (RLIN) | 331191 |
| 700 1# - Други автори (авторска отговорност) | |
| Лично име | Инджева, Невяна Тодорова |
| Автороска отговорност (Описва отношението между автора и произведението) | науч. ред. и творчески портр. |
| 9 (RLIN) | 380616 |
| 852 ## - Местоположение | |
| Форматна сигнатура | Цб 156258 |
| 856 4# - Електронен адрес и достъп | |
| Електронен формат | pdf - файл |
| Път до файла /url/ | |
| 856 4# - Електронен адрес и достъп | |
| Електронен формат | pdf - файл |
| Път до файла /url/ | |
| 942 ## - АРТИКУЛИ | |
| Вид на библиотечния материал | Книги |
| Скрит в OPAC | Не |
| 944 ## - СЪЗДАВАНЕ И РЕДАКЦИЯ на ЗАПИСА | |
| Създаване/Редакция | Създаване |
| Дата на регистрацията/редакция | 28.02.2014 |
| Статус, дата на статуса | 28.02.2014 - от С1,Р / 28.02.2014 |
| Служител, извършил регистрацията/редакцията | Камелия_Данева |
| 944 ## - СЪЗДАВАНЕ И РЕДАКЦИЯ на ЗАПИСА | |
| Създаване/Редакция | Редакция |
| Дата на регистрацията/редакция | 28.02.2014 |
| Статус, дата на статуса | 28.02.2014 - от С1,Р / 28.02.2014 |
| Служител, извършил регистрацията/редакцията | |
| 999 ## - СИСТЕМНИ КОНТРОЛНИ НОМЕРА | |
| Koha biblionumber | 150957 |
| Koha biblioitemnumber | 150957 |
| Код за отписване | Код за изгубен артикул | Източник на класификационната схема | Код за повреда | Коз за рестрикции | Код за отдаване | Артикулен № | Име на библиотеката - собственик | Име на библиотеката, в която се намира в момента | Статус (Текущо местоположение) | Дата на вписване в системата | Местоположение - отдел | Цена в лева | Инвентарен номер | Систематично азбучна сигнатура | Баркод | Номер на екземпляра | Цена в евро | Служебна бележка | Служебен тип на артикула |
|---|---|---|---|---|---|---|---|---|---|---|---|---|---|---|---|---|---|---|---|
| Не е изгубен | Universal Decimal Classification | Не е повреден | само за читалня | ползва се в читалня | 252243 | Регионална библиотека "Любен Каравелов" Русе | Регионална библиотека "Любен Каравелов" Русе | Хранилище | 1988-01-01 | Хранилище | 4.60 | 511442 | Цб 156258 | 120000511442 | 1 | 2.35 | Дост: Dp Вид: Д N: стар фонд Дата: 01.01.1988 | Книги | |
| Изтеглен | Не е изгубен | Universal Decimal Classification | Не е повреден | без рестрикции | заемане за дома | 252244 | Регионална библиотека "Любен Каравелов" Русе | Регионална библиотека "Любен Каравелов" Русе | Отдел Изкуство - подръчен фонд | 1988-01-01 | Отдел Изкуство - подръчен фонд | 4.60 | 513238 | 792(497.2)/Д 19 | 513238 | 2 | 2.35 | Вид: Ф N: стар фонд Дата: 01.01.1988 Дата инв: 05.04.2017 Бележки инв: ИП2017 | Книги |
| Изтеглен | Не е изгубен | Не е повреден | без рестрикции | заемане за дома | 252245 | Регионална библиотека "Любен Каравелов" Русе | Регионална библиотека "Любен Каравелов" Русе | Отчислена | 1988-01-01 | Отдел Изкуство - подръчен фонд | 0.00 | 513237 | ИП 792(497.2)/Д 19 | 513237 | 3 | 0.00 | Вид: Ф N: стар фонд Дата: 01.01.1988 | Книги | |
| Не е изгубен | Universal Decimal Classification | Не е повреден | без рестрикции | заемане за дома | 252246 | Регионална библиотека "Любен Каравелов" Русе | Регионална библиотека "Любен Каравелов" Русе | Отдел Изкуство - подръчен фонд | 1988-01-01 | Отдел Изкуство - подръчен фонд | 4.60 | 513239 | 792(497.2)/Д 19 | 120000513239 | 4 | 2.35 | Вид: Ф N: стар фонд Дата: 01.01.1988 Дата инв: 05.04.2017 Бележки инв: ИП2017 | Книги |